[Event "Verbandsliga Suedbaden 2223"]
[Site "Germany"]
[Date "2022.11.20"]
[Round "3.1"]
[White "Sokolov, Andrei"]
[Black "Gloor, Roger"]
[Result "1/2-1/2"]
[WhiteElo "2461"]
[BlackElo "2352"]
[PlyCount "57"]
[EventDate "2022.09.25"]
[EventType "team-tourn"]
[EventRounds "9"]
[EventCountry "GER"]
[SourceTitle "EXT 2024"]
[Source "ChessBase"]
[SourceDate "2023.10.10"]
[SourceVersion "1"]
[SourceVersionDate "2023.10.10"]
[SourceQuality "1"]
[WhiteTeam "Emmendingen"]
[BlackTeam "Gottmadingen"]
[WhiteTeamCountry "GER"]
[BlackTeamCountry "GER"]

1. c4 e5 2. Nc3 Nf6 3. g3 Bb4 4. Bg2 0-0 5. Nf3 Nc6 6. 0-0 Re8 7. Nd5 Bc5 8. d3 h6 9. Be3 d6 10. Bxc5 dxc5 11. Nd2 Nd4 12. e3 Nf5 13. Qa4 Nxd5 14. cxd5 a5 15. Rac1 b6 16. d6 Bd7 17. dxc7 Qxc7 18. Qc2 Rad8 19. Rfd1 g6 20. Ne4 Kg7 21. a3 Be6 22. b4 axb4 23. axb4 c4 24. dxc4 Qxc4 25. Qxc4 Rxd1+ 26. Rxd1 Bxc4 27. Nd6 Nxd6 28. Rxd6 Re6 29. Rxe6 1/2-1/2

[Event "SUI-chT"]
[Site "Switzerland"]
[Date "2019.05.05"]
[Round "4.8"]
[White "Gloor, Roger"]
[Black "Kradolfer, Georg"]
[Result "1-0"]
[WhiteElo "2359"]
[BlackElo "2059"]
[PlyCount "81"]
[EventDate "2019.03.10"]
[EventType "team-tourn"]
[EventRounds "9"]
[EventCountry "SUI"]
[SourceTitle "CBM 190 Extra"]
[Source "ChessBase"]
[SourceDate "2019.07.15"]
[SourceVersion "1"]
[SourceVersionDate "2019.07.15"]
[SourceQuality "1"]
[WhiteTeam "Luzern"]
[BlackTeam "Wollishofen"]
[WhiteTeamCountry "SUI"]
[BlackTeamCountry "SUI"]

1. e4 c6 2. d4 d5 3. Nc3 dxe4 4. Nxe4 Bf5 5. Ng3 Bg6 6. Nh3 e6 7. Nf4 Nf6 8. c3 Nbd7 9. h4 e5 10. Nxg6 hxg6 11. Bg5 exd4 12. Qxd4 Bc5 13. Qf4 Qe7+ 14. Be2 Bd6 15. Qd2 Bxg3 16. fxg3 0-0 17. 0-0 Rfe8 18. Bf3 Qc5+ 19. Kh1 Ne5 20. Be2 Ne4 21. Qf4 Nxg5 22. Qxg5 Nd7 23. Qxc5 Nxc5 24. Bc4 Re7 25. Rf4 b5 26. Bf1 Rd8 27. Kh2 Rd2 28. b4 Nd3 29. Rd4 Re3 30. Rd8+ Kh7 31. g4 g5 32. h5 g6 33. a4 gxh5 34. gxh5 Kh6 35. axb5 cxb5 36. Ra6+ Kxh5 37. Rad6 g4 38. Rd5+ f5 39. Bxd3 Rh3+ 40. Kg1 Rd1+ 41. Kf2 1-0

[Event "Verbandsliga Suedbaden 1819"]
[Site "Baden"]
[Date "2019.03.10"]
[Round "7.1"]
[White "Cornette, Matthieu"]
[Black "Gloor, Roger"]
[Result "1/2-1/2"]
[WhiteElo "2584"]
[BlackElo "2359"]
[PlyCount "116"]
[EventDate "2018.10.14"]
[EventType "team-tourn"]
[EventRounds "9"]
[EventCountry "GER"]
[SourceTitle "EXT 2020"]
[Source "ChessBase"]
[SourceDate "2019.10.17"]
[SourceVersion "1"]
[SourceVersionDate "2019.10.17"]
[SourceQuality "1"]
[WhiteTeam "Oetigheim"]
[BlackTeam "Gottmadingen"]
[WhiteTeamCountry "GER"]
[BlackTeamCountry "GER"]

1. e4 c5 2. Nc3 e6 3. Nge2 a6 4. g3 b5 5. Bg2 Bb7 6. d4 cxd4 7. Nxd4 Nf6 8. 0-0 d6 9. Re1 Qc7 10. a4 bxa4 11. Nd5 exd5 12. exd5+ Kd8 13. Bg5 Nbd7 14. Qe2 Qc5 15. Nc6+ Kc7 16. Be3 Re8 17. Qd2 Rxe3 18. Rxe3 Bxc6 19. dxc6 Nb6 20. Qe2 d5 21. Qxa6 Qxc6 22. Qa7+ Kd8 23. Rc3 Bc5 24. Rd1 Nfd7 25. Qa5 Ke7 26. Re1+ Kd6 27. Rd3 Ne5 28. Rdd1 Ng4 29. Re2 Nxf2 30. Rxf2 Bxf2+ 31. Kxf2 Qc5+ 32. Qxc5+ Kxc5 33. Rd3 Rc8 34. Ke2 Re8+ 35. Kd1 Nc4 36. Rxd5+ Kb6 37. Rd7 Ne3+ 38. Kd2 Nxg2 39. Rxf7 g5 40. Rxh7 Ne1 41. h4 g4 42. Rg7 Nf3+ 43. Kd3 Kc5 44. Rc7+ Kd6 45. Rb7 Re1 46. h5 Ne5+ 47. Kd4 Nc6+ 48. Kd3 Rh1 49. Rb5 Rh3 50. Ke4 Rxg3 51. Rd5+ Ke6 52. Rg5 Rg2 53. Rg6+ Kd7 54. h6 Rxc2 55. h7 Re2+ 56. Kf4 Rh2 57. Rxg4 Rxh7 58. Kg3 Ne5 1/2-1/2

[Event "SUI-chT"]
[Site "Switzerland"]
[Date "2018.10.28"]
[Round "9.7"]
[White "Levrand, Roland"]
[Black "Gloor, Roger"]
[Result "0-1"]
[WhiteElo "2123"]
[BlackElo "2344"]
[PlyCount "74"]
[EventDate "2018.03.25"]
[EventType "team-tourn"]
[EventRounds "9"]
[EventCountry "SUI"]
[SourceTitle "CBM 187 Extra"]
[Source "ChessBase"]
[SourceDate "2018.11.04"]
[SourceVersion "1"]
[SourceVersionDate "2018.11.04"]
[SourceQuality "1"]
[WhiteTeam "Reti"]
[BlackTeam "Luzern"]
[WhiteTeamCountry "SUI"]
[BlackTeamCountry "SUI"]

1. e4 c5 2. Nf3 e6 3. d4 cxd4 4. Nxd4 a6 5. Bd3 Qc7 6. 0-0 Nf6 7. Qe2 d6 8. f4 Nbd7 9. Kh1 Be7 10. Nd2 0-0 11. N2f3 Nc5 12. Bd2 d5 13. e5 Nfe4 14. Be1 Re8 15. b4 Nxd3 16. cxd3 Nc3 17. Qe3 Na4 18. Nb3 b6 19. Nfd4 Bd7 20. f5 exf5 21. Nxf5 Bf8 22. d4 Qc6 23. Bd2 Qg6 24. g4 Nb2 25. Qf4 Bb5 26. Rf3 Be2 27. Rg3 Bd3 28. h4 Be4+ 29. Kh2 h5 30. Ne3 Nd3 31. Qf1 Be7 32. Ng2 hxg4 33. Nc1 Nxb4 34. a3 Nc2 35. Ra2 Nxd4 36. Nf4 Qf5 37. Qd1 Nf3+ 0-1

[Event "Verbandsliga Suedbaden 1718"]
[Site "Baden"]
[Date "2017.12.03"]
[Round "3.1"]
[White "Ider, Borya"]
[Black "Gloor, Roger"]
[Result "0-1"]
[WhiteElo "2501"]
[BlackElo "2356"]
[PlyCount "102"]
[EventDate "2017.10.08"]
[EventType "team-tourn"]
[EventRounds "9"]
[EventCountry "GER"]
[SourceTitle "EXT 2019"]
[Source "ChessBase"]
[SourceDate "2018.10.10"]
[SourceVersion "1"]
[SourceVersionDate "2018.10.10"]
[SourceQuality "1"]
[WhiteTeam "Oberwinden"]
[BlackTeam "Gottmadingen"]
[WhiteTeamCountry "GER"]
[BlackTeamCountry "GER"]

1. e4 c5 2. Be2 e6 3. f4 d5 4. d3 b6 5. Nf3 Bb7 6. Nc3 Nc6 7. 0-0 Be7 8. Qe1 Nb4 9. Bd1 dxe4 10. dxe4 Nf6 11. e5 Nfd5 12. Ne4 0-0 13. a3 Nc6 14. Kh1 Kh8 15. c4 Nc7 16. b3 Qd3 17. Nf2 Qg6 18. Bb2 Rad8 19. Rg1 Nd4 20. Nxd4 cxd4 21. Bf3 Bxf3 22. gxf3 Qc2 23. Nd1 Qxb3 24. Qg3 Rg8 25. Qh3 Na6 26. Rg3 Nc5 27. f5 exf5 28. Qxf5 Qxc4 29. Nf2 Qe6 30. Qh5 Na4 31. Bc1 Nc3 32. Nd3 Ne2 33. Rh3 Qg6 34. Qxg6 fxg6 35. Bd2 g5 36. Re1 Nc3 37. e6 Bf6 38. e7 Rc8 39. Bxg5 Bxg5 40. Ne5 Rge8 41. Nf7+ Kg8 42. Nxg5 h6 43. Ne6 Rxe7 44. f4 Rf8 45. Re5 Rxf4 46. Rhh5 d3 47. Nxf4 d2 48. Rxe7 d1Q+ 49. Kg2 Qg4+ 50. Kf2 Qxf4+ 51. Ke1 Ne4 0-1

[Event "SUI-chT"]
[Site "Switzerland"]
[Date "2016.05.22"]
[Round "3.6"]
[White "Gloor, Roger"]
[Black "Hochstrasser, Michael"]
[Result "1-0"]
[WhiteElo "2351"]
[BlackElo "2331"]
[PlyCount "105"]
[EventDate "2016.03.20"]
[EventType "team-tourn"]
[EventRounds "9"]
[EventCountry "SUI"]
[SourceTitle "EXT 2017"]
[Source "ChessBase"]
[SourceDate "2016.10.25"]
[SourceVersion "1"]
[SourceVersionDate "2016.10.25"]
[SourceQuality "1"]
[WhiteTeam "Luzern"]
[BlackTeam "Wollishofen"]
[WhiteTeamCountry "SUI"]
[BlackTeamCountry "SUI"]

1. e4 e5 2. Nf3 Nc6 3. d4 exd4 4. Nxd4 Nf6 5. Nxc6 bxc6 6. e5 Qe7 7. Qe2 Nd5 8. c4 Ba6 9. b3 g6 10. g3 Bg7 11. Bb2 0-0 12. Bg2 Rae8 13. 0-0 Bxe5 14. Qxe5 Qxe5 15. Bxe5 Rxe5 16. cxd5 Bxf1 17. Kxf1 cxd5 18. Nc3 c6 19. Rd1 Rfe8 20. Bf3 Kf8 21. Ne2 Ke7 22. Rd4 Kd6 23. Ra4 Ra8 24. Ra5 Kc7 25. b4 Kb6 26. Nc3 Kc7 27. Na4 Ree8 28. Nc5 Kd6 29. a3 Re7 30. Be2 Kc7 31. Ra6 Re5 32. Bd3 Re7 33. a4 Ree8 34. b5 Reb8 35. a5 Kd6 36. Na4 Re8 37. Be2 Reb8 38. Ke1 Kc7 39. Nc5 Kd6 40. Na4 Kc7 41. Kd2 Kd6 42. Kc3 Rc8 43. Kd4 Kc7 44. Nc5 Rcb8 45. b6+ axb6 46. axb6+ Kd8 47. Nb7+ Ke7 48. Kc5 Rxa6 49. Bxa6 Ra8 50. Nd6 Rxa6 51. b7 Ra5+ 52. Kb6 Ra2 53. Kc7 1-0

[Event "Verbandsliga Suedbaden 1516"]
[Site "Baden"]
[Date "2015.09.27"]
[Round "1.1"]
[White "Rauch, Uwe"]
[Black "Gloor, Roger"]
[Result "1-0"]
[WhiteElo "2196"]
[BlackElo "2363"]
[PlyCount "57"]
[EventDate "2015.09.27"]
[EventType "team-tourn"]
[EventRounds "9"]
[EventCountry "GER"]
[SourceTitle "EXT 2022"]
[Source "ChessBase"]
[SourceDate "2021.10.06"]
[SourceVersion "1"]
[SourceVersionDate "2021.10.06"]
[SourceQuality "1"]
[WhiteTeam "Offenburg"]
[BlackTeam "Gottmadingen"]
[WhiteTeamCountry "GER"]
[BlackTeamCountry "GER"]

1. e4 c5 2. Nf3 e6 3. d3 Nc6 4. g3 d5 5. Nbd2 dxe4 6. dxe4 b6 7. Qe2 a5 8. Nc4 Ba6 9. Bf4 Nd4 10. Nxd4 cxd4 11. 0-0-0 Rc8 12. Nd6+ Bxd6 13. Qxa6 Bxf4+ 14. gxf4 Qc7 15. Qb5+ Ke7 16. Qg5+ Nf6 17. Bd3 h6 18. Qg3 Rhg8 19. e5 Nd5 20. f5 Nb4 21. Qh4+ Kf8 22. Kb1 Qxe5 23. a3 Nxd3 24. Rxd3 Qxf5 25. Qxd4 g6 26. Rc1 b5 27. Qa7 a4 28. Qb7 Qc5 29. Rc3 1-0

[Event "SUI-chT"]
[Site "Switzerland"]
[Date "2015.03.29"]
[Round "1.7"]
[White "Schiendorfer, Emanuel"]
[Black "Gloor, Roger"]
[Result "1/2-1/2"]
[WhiteElo "2342"]
[BlackElo "2318"]
[PlyCount "104"]
[EventDate "2015.03.29"]
[EventType "team-tourn"]
[EventRounds "9"]
[EventCountry "SUI"]
[SourceTitle "EXT 2016"]
[Source "ChessBase"]
[SourceDate "2015.10.08"]
[SourceVersion "1"]
[SourceVersionDate "2015.10.08"]
[SourceQuality "1"]
[WhiteTeam "Winterthur"]
[BlackTeam "Luzern"]
[WhiteTeamCountry "SUI"]
[BlackTeamCountry "SUI"]

1. d4 Nf6 2. c4 e6 3. Nf3 Bb4+ 4. Nbd2 0-0 5. a3 Be7 6. g3 b6 7. Bg2 Bb7 8. 0-0 c5 9. b3 Nc6 10. e3 cxd4 11. Nxd4 Qc8 12. Nxc6 dxc6 13. Bb2 Rd8 14. Qe2 Qd7 15. Rfd1 Qd3 16. Qxd3 Rxd3 17. Kf1 Rad8 18. Ke2 Ng4 19. Bd4 e5 20. Kxd3 Nxf2+ 21. Ke2 Nxd1 22. Bxe5 Nxe3 23. Kxe3 Bc5+ 24. Ke2 Re8 25. Nf3 f6 26. b4 Bf8 27. Kd3 fxe5 28. Nd2 Rd8+ 29. Kc3 g6 30. Be4 a5 31. Rb1 axb4+ 32. axb4 Rd4 33. Bg2 Bg7 34. Nb3 Rd8 35. Be4 Bc8 36. Re1 Bf5 37. c5 bxc5 38. Nxc5 Ra8 39. Bxc6 Rc8 40. Bd5+ Kf8 41. Kc4 Ke7 42. Ra1 Rc7 43. Ra6 Bh6 44. Rc6 Rxc6 45. Bxc6 Kd6 46. b5 Be3 47. Nb7+ Kc7 48. Kd5 Bg1 49. Nd6 Bxh2 50. Nxf5 gxf5 51. Kxe5 Bxg3+ 52. Kxf5 h6 1/2-1/2

[Event "World University-ch 13th"]
[Site "Katowice"]
[Date "2014.08.22"]
[Round "6"]
[White "Kobayashi, Atsuhiko"]
[Black "Gloor, Roger"]
[Result "0-1"]
[WhiteElo "2089"]
[BlackElo "2364"]
[PlyCount "44"]
[EventDate "2014.08.18"]
[EventType "swiss"]
[EventRounds "9"]
[EventCountry "POL"]
[SourceTitle "CBM 161 Extra"]
[Source "ChessBase"]
[SourceDate "2014.08.29"]
[SourceVersion "1"]
[SourceVersionDate "2014.08.29"]
[SourceQuality "1"]

1. d4 Nf6 2. c4 e6 3. Nf3 c5 4. d5 exd5 5. cxd5 d6 6. Nc3 g6 7. Bf4 Bg7 8. Qa4+ Bd7 9. Qb3 b5 10. Nxb5 Qa5+ 11. Nc3 0-0 12. Nd2 Na6 13. Bxd6 Rab8 14. Qc2 Nb4 15. Qc1 Bf5 16. e4 Nxe4 17. Nc4 Qd8 18. Bxf8 Qxf8 19. Ne3 Re8 20. Be2 Nxf2 21. Qd2 Nxh1 22. a3 Bh6 0-1

[Event "World University-ch 13th"]
[Site "Katowice"]
[Date "2014.08.20"]
[Round "5"]
[White "Gloor, Roger"]
[Black "Carlos Arriaga, Jesus Roberto"]
[Result "0-1"]
[WhiteElo "2364"]
[BlackElo "2118"]
[PlyCount "76"]
[EventDate "2014.08.18"]
[EventType "swiss"]
[EventRounds "9"]
[EventCountry "POL"]
[SourceTitle "CBM 161 Extra"]
[Source "ChessBase"]
[SourceDate "2014.08.29"]
[SourceVersion "1"]
[SourceVersionDate "2014.08.29"]
[SourceQuality "1"]

1. e4 c6 2. d4 d5 3. Nc3 dxe4 4. Nxe4 Nd7 5. Ng5 Ngf6 6. Bd3 e6 7. N1f3 Bd6 8. Qe2 h6 9. Ne4 Nxe4 10. Qxe4 Qc7 11. 0-0 b6 12. c4 Bb7 13. Qe2 0-0 14. b3 c5 15. Bb2 cxd4 16. Bxd4 Bxf3 17. Qxf3 Bxh2+ 18. Kh1 Be5 19. Qe4 f5 20. Bxe5 Nxe5 21. Qf4 Qc5 22. Bc2 Nc6 23. Rae1 e5 24. Qe3 Rad8 25. Rd1 e4 26. Bb1 Qxe3 27. fxe3 Ne5 28. Rd4 Nc6 29. Rd5 Rxd5 30. cxd5 Ne5 31. d6 Ng4 32. d7 Rd8 33. Rxf5 Rxd7 34. Rf1 Nxe3 35. Re1 Rd1 36. Rxd1 Nxd1 37. Kg1 Nc3 38. Bc2 Kf7 0-1

[Event "World University-ch 13th"]
[Site "Katowice"]
[Date "2014.08.20"]
[Round "4"]
[White "Piorun, Kacper"]
[Black "Gloor, Roger"]
[Result "1-0"]
[WhiteElo "2560"]
[BlackElo "2364"]
[PlyCount "57"]
[EventDate "2014.08.18"]
[EventType "swiss"]
[EventRounds "9"]
[EventCountry "POL"]
[SourceTitle "CBM 161 Extra"]
[Source "ChessBase"]
[SourceDate "2014.08.29"]
[SourceVersion "1"]
[SourceVersionDate "2014.08.29"]
[SourceQuality "1"]

1. c4 e5 2. g3 Nf6 3. Bg2 Bc5 4. Nc3 Nc6 5. e3 0-0 6. Nge2 Re8 7. 0-0 d6 8. a3 a5 9. b3 Bg4 10. h3 Bh5 11. g4 Bg6 12. d4 Bb6 13. Nd5 exd4 14. Nxb6 cxb6 15. Nxd4 Be4 16. f3 Bg6 17. e4 Nd7 18. a4 Qf6 19. Be3 Nc5 20. Nb5 Rad8 21. Ra2 Rd7 22. Rd2 Red8 23. Re1 Nb4 24. f4 Nxe4 25. Rd4 Qh4 26. Bxe4 Nd3 27. Rxd3 Qg3+ 28. Bg2 Bxd3 29. Bf2 1-0

[Event "SUI-chT"]
[Site "Switzerland"]
[Date "2014.06.15"]
[Round "4.6"]
[White "Rindlisbacher, Jan"]
[Black "Gloor, Roger"]
[Result "0-1"]
[WhiteElo "2256"]
[BlackElo "2361"]
[PlyCount "72"]
[EventDate "2014.03.16"]
[EventType "team-tourn"]
[EventRounds "9"]
[EventCountry "SUI"]
[SourceTitle "EXT 2015"]
[Source "ChessBase"]
[SourceDate "2014.11.20"]
[SourceVersion "1"]
[SourceVersionDate "2014.11.20"]
[SourceQuality "1"]
[WhiteTeam "Trubschachen"]
[BlackTeam "Luzern"]
[WhiteTeamCountry "SUI"]
[BlackTeamCountry "SUI"]

1. d4 c5 2. d5 e5 3. e4 d6 4. Nc3 Nf6 5. h3 Be7 6. Nf3 0-0 7. Be2 Na6 8. Be3 Nc7 9. a4 a6 10. Nd2 Nfe8 11. Nc4 Bg5 12. Bxg5 Qxg5 13. Qd2 Qxg2 14. 0-0-0 b5 15. Nb6 b4 16. Nxa8 bxc3 17. Qe3 cxb2+ 18. Kxb2 f5 19. Nb6 Nf6 20. Bf3 Qg6 21. Rhg1 Qf7 22. Nxc8 Rxc8 23. Ka1 fxe4 24. Bxe4 Qe8 25. Kb2 Rb8+ 26. Kc1 Qxa4 27. Bf5 Rb4 28. Rxg7+ Kxg7 29. Qg5+ Kf7 30. Be6+ Nxe6 31. dxe6+ Ke8 32. Qxf6 Qa1+ 33. Kd2 Rd4+ 34. Ke3 Qc3+ 35. Ke2 Qxc2+ 36. Kf3 Rf4+ 0-1

[Event "Mitropa Cup 33rd"]
[Site "Ruzomberok"]
[Date "2014.05.29"]
[Round "7.4"]
[White "Gloor, Roger"]
[Black "Berchtenbreiter, Maximilian"]
[Result "0-1"]
[WhiteElo "2357"]
[BlackElo "2409"]
[PlyCount "78"]
[EventDate "2014.05.23"]
[EventType "team-tourn"]
[EventRounds "9"]
[EventCountry "SVK"]
[SourceTitle "CBM 160 Extra"]
[Source "ChessBase"]
[SourceDate "2014.07.01"]
[SourceVersion "1"]
[SourceVersionDate "2014.07.01"]
[SourceQuality "1"]
[WhiteTeam "Switzerland"]
[BlackTeam "Germany"]
[WhiteTeamCountry "SUI"]
[BlackTeamCountry "GER"]

1. Nf3 c5 2. e4 e6 3. d4 cxd4 4. Nxd4 Nf6 5. Nc3 Bb4 6. e5 Nd5 7. Bd2 Nxc3 8. bxc3 Ba5 9. Qg4 0-0 10. Qg3 f6 11. Bd3 Nc6 12. Nxc6 bxc6 13. exf6 Qxf6 14. 0-0 d5 15. Rae1 Rf7 16. Bg5 Qxc3 17. Qh4 h6 18. Bxh6 gxh6 19. Re3 Qf6 20. Rg3+ Kf8 21. Qa4 Bc7 22. Qxc6 Rb8 23. Qc5+ Qe7 24. Qc3 e5 25. Rg6 Rb6 26. f4 d4 27. Qd2 Rxg6 28. Bxg6 Rxf4 29. Re1 Qg5 30. Qb4+ Qe7 31. Qb5 Bb6 32. Bd3 Bd7 33. Qd5 e4 34. Bc4 d3+ 35. Kh1 Qf6 36. Qg8+ Ke7 37. Bxd3 Be6 38. Qh7+ Kf8 39. Bb5 Qg7 0-1

[Event "Mitropa Cup 33rd"]
[Site "Ruzomberok"]
[Date "2014.05.27"]
[Round "5.4"]
[White "Gloor, Roger"]
[Black "Gazik, Viktor"]
[Result "1-0"]
[WhiteElo "2357"]
[BlackElo "2176"]
[PlyCount "117"]
[EventDate "2014.05.23"]
[EventType "team-tourn"]
[EventRounds "9"]
[EventCountry "SVK"]
[SourceTitle "CBM 160 Extra"]
[Source "ChessBase"]
[SourceDate "2014.07.01"]
[SourceVersion "1"]
[SourceVersionDate "2014.07.01"]
[SourceQuality "1"]
[WhiteTeam "Switzerland"]
[BlackTeam "Slovakia II"]
[WhiteTeamCountry "SUI"]
[BlackTeamCountry "SVK"]

1. Nf3 Nf6 2. g3 g6 3. b3 Bg7 4. Bb2 d6 5. d4 Nbd7 6. Bg2 c5 7. c4 0-0 8. 0-0 Rb8 9. Nc3 a6 10. Rc1 b6 11. a4 Bb7 12. Qc2 Bxf3 13. Bxf3 cxd4 14. Na2 e5 15. Nb4 Nc5 16. Nc6 Qd7 17. Nxb8 Rxb8 18. Bg2 a5 19. Rcd1 Ng4 20. h3 Nh6 21. e3 dxe3 22. fxe3 Nf5 23. Qf2 Bh6 24. Rfe1 Qe7 25. g4 Ng7 26. Rd5 Nxb3 27. Red1 Ne8 28. h4 Nc5 29. g5 Bg7 30. Ba3 h6 31. Qg3 hxg5 32. hxg5 Bf8 33. R5d2 Rd8 34. Bd5 Nc7 35. Bxc5 bxc5 36. Rb2 Ne6 37. Rb7 Rd7 38. Rdb1 Kg7 39. Kh2 Rc7 40. R1b2 Nd8 41. Rxc7 Qxc7 42. Qf2 Kh7 43. Qh4+ Kg8 44. Qe4 Kg7 45. Rf2 Qb6 46. Qf3 Be7 47. Bxf7 Qb1 48. Bd5 Qe1 49. Qg3 Qd1 50. Qh4 Qh5 51. Qxh5 gxh5 52. Rb2 Bxg5 53. Rb5 Bxe3 54. Rxa5 Kg6 55. Ra8 Bg5 56. a5 Kf5 57. a6 e4 58. Rb8 e3 59. Rb2 1-0

[Event "Mitropa Cup 33rd"]
[Site "Ruzomberok"]
[Date "2014.05.25"]
[Round "3.3"]
[White "Gloor, Roger"]
[Black "Vitoux, Colomban"]
[Result "1-0"]
[WhiteElo "2357"]
[BlackElo "2402"]
[PlyCount "105"]
[EventDate "2014.05.23"]
[EventType "team-tourn"]
[EventRounds "9"]
[EventCountry "SVK"]
[SourceTitle "CBM 160 Extra"]
[Source "ChessBase"]
[SourceDate "2014.07.01"]
[SourceVersion "1"]
[SourceVersionDate "2014.07.01"]
[SourceQuality "1"]
[WhiteTeam "Switzerland"]
[BlackTeam "France"]
[WhiteTeamCountry "SUI"]
[BlackTeamCountry "FRA"]

1. Nf3 Nf6 2. g3 g6 3. Bg2 Bg7 4. 0-0 0-0 5. c4 c5 6. d4 cxd4 7. Qxd4 Nc6 8. Qh4 Qa5 9. Bg5 d6 10. Nc3 Be6 11. Nb5 Rfc8 12. Nxd6 exd6 13. Bxf6 Bxf6 14. Qxf6 Bxc4 15. Qh4 Bxe2 16. Ng5 h5 17. Rfe1 Bg4 18. Bxc6 f6 19. b4 Qf5 20. Be4 Qe5 21. Nf3 Qc3 22. Rac1 Qxc1 23. Rxc1 Rxc1+ 24. Kg2 Kg7 25. h3 Rc4 26. hxg4 Rxe4 27. Nd2 Rxb4 28. Qh1 hxg4 29. Qc1 Rf8 30. Qc7+ Rf7 31. Qxd6 Ra4 32. a3 Ra6 33. Qd3 f5 34. Nc4 Kh7 35. Qd5 Re7 36. Qc5 Rae6 37. a4 b6 38. Qd5 Re4 39. Qc6 R4e6 40. Qd5 Re4 41. Qd8 Rg7 42. Nd6 Rxa4 43. Ne8 Rf7 44. Qh4+ Kg8 45. Qh6 f4 46. Qxg6+ Kf8 47. Qh6+ Kxe8 48. Qc6+ Kf8 49. Qxa4 f3+ 50. Kf1 Rg7 51. Qf4+ Kg8 52. Qf5 Kh8 53. Ke1 1-0

[Event "Verbandsliga Sued Baden 1314"]
[Site "Germany"]
[Date "2014.01.12"]
[Round "4.1"]
[White "Weidemann, Joerg"]
[Black "Gloor, Roger"]
[Result "1-0"]
[WhiteElo "2299"]
[BlackElo "2347"]
[PlyCount "65"]
[EventDate "2013.10.20"]
[EventType "team-tourn"]
[EventRounds "9"]
[EventCountry "GER"]
[SourceTitle "EXT 2015"]
[Source "ChessBase"]
[SourceDate "2014.11.20"]
[SourceVersion "1"]
[SourceVersionDate "2014.11.20"]
[SourceQuality "1"]
[WhiteTeam "Emmendingen"]
[BlackTeam "Gottmadingen"]
[WhiteTeamCountry "GER"]
[BlackTeamCountry "GER"]

1. e4 c5 2. Nf3 a6 3. c3 e6 4. d4 d5 5. e5 Bd7 6. Bd3 Nc6 7. a3 cxd4 8. cxd4 Qb6 9. Bc2 g5 10. h3 h6 11. Nc3 Nge7 12. b4 Na7 13. 0-0 Bb5 14. Re1 Rc8 15. Bd2 Bc4 16. Qb1 Nec6 17. Be3 Qd8 18. Na4 Nb5 19. Qb2 b6 20. Nd2 Ne7 21. Rad1 Bg7 22. Nxc4 dxc4 23. d5 exd5 24. Bxb6 c3 25. Qb3 Qd7 26. Bc5 Rb8 27. Nxc3 Nxc3 28. Qxc3 0-0 29. Qd3 Rfd8 30. Qh7+ Kf8 31. Bf5 Qb7 32. e6 f6 33. Qg6 1-0

[Event "Zuerich op 37th"]
[Site "Zuerich"]
[Date "2013.12.27"]
[Round "2"]
[White "Gloor, Roger"]
[Black "Van Kampen, Robin"]
[Result "0-1"]
[WhiteElo "2335"]
[BlackElo "2601"]
[PlyCount "84"]
[EventDate "2013.12.26"]
[EventType "swiss"]
[EventRounds "7"]
[EventCountry "SUI"]
[SourceTitle "CBM 158 Extra"]
[Source "ChessBase"]
[SourceDate "2014.02.28"]
[SourceVersion "1"]
[SourceVersionDate "2014.02.28"]
[SourceQuality "1"]

1. Nf3 Nf6 2. c4 g6 3. Nc3 Bg7 4. e4 d6 5. d4 0-0 6. h3 e5 7. d5 Nh5 8. g3 Na6 9. Bg2 f5 10. exf5 gxf5 11. Ng5 Nf6 12. 0-0 h6 13. Ne6 Bxe6 14. dxe6 Nc5 15. Qc2 e4 16. f3 Nh5 17. fxe4 Nxg3 18. Rxf5 Nxe6 19. Rxf8+ Qxf8 20. Be3 Be5 21. Qd2 Qg7 22. Bxh6 Bd4+ 23. Be3 Rf8 24. Re1 Bxe3+ 25. Qxe3 Nf4 26. Qd2 Nxg2 27. Qxg2 Qd4+ 28. Kh2 Rf2 29. Kxg3 Rxg2+ 30. Kxg2 Qxc4 31. e5 Qe6 32. Re4 dxe5 33. h4 Qf5 34. Re3 Kh8 35. Rf3 Qg4+ 36. Rg3 Qd4 37. Kh3 e4 38. Rg4 Qd3+ 39. Rg3 e3 40. Kg4 Qd2 41. Ne4 Qd4 42. Kf5 e2 0-1

[Event "SUI-chT"]
[Site "Switzerland"]
[Date "2013.06.23"]
[Round "5.6"]
[White "Egle, Stefan"]
[Black "Gloor, Roger"]
[Result "0-1"]
[WhiteElo "2217"]
[BlackElo "2321"]
[PlyCount "142"]
[EventDate "2013.03.17"]
[EventType "team-tourn"]
[EventRounds "9"]
[EventCountry "SUI"]
[SourceTitle "EXT 2014"]
[Source "ChessBase"]
[SourceDate "2013.11.20"]
[SourceVersion "1"]
[SourceVersionDate "2013.11.20"]
[SourceQuality "1"]
[WhiteTeam "Bodan"]
[BlackTeam "Luzern"]
[WhiteTeamCountry "SUI"]
[BlackTeamCountry "SUI"]

1. d4 Nf6 2. c4 e6 3. Nf3 b6 4. g3 Bb7 5. Bg2 Bb4+ 6. Bd2 c5 7. 0-0 0-0 8. Nc3 cxd4 9. Nxd4 Bxg2 10. Kxg2 Qc8 11. Qb3 Na6 12. Rfd1 Qc5 13. Ndb5 Qf5 14. f3 d5 15. Nd4 Qh5 16. Nxd5 Nxd5 17. cxd5 Bxd2 18. Rxd2 Nc5 19. Qb5 exd5 20. b4 Ne6 21. Nc6 Qg5 22. Rad1 Nc7 23. Qd3 Rfe8 24. h4 Qf6 25. Nd4 g6 26. Nb5 Nxb5 27. Qxb5 Re3 28. Qxd5 Rae8 29. Kf2 h5 30. Re1 Kh7 31. Rd3 R3e5 32. Qd7 R5e7 33. Qd6 Qf5 34. Rd2 Qh3 35. e4 f5 36. Rde2 Re5 37. Rg1 fxe4 38. Rxe4 Rxe4 39. fxe4 Rxe4 40. Qc7+ Kh6 41. Qc1+ Kh7 42. Qc7+ Kg8 43. Qd8+ Kf7 44. Qd5+ Qe6 45. Qxe6+ Kxe6 46. Rb1 Rc4 47. Kf3 Rc2 48. Kf4 Kf6 49. Rb3 Rxa2 50. Rc3 Rf2+ 51. Ke4 Rb2 52. Rc6+ Ke7 53. Ke5 Rxb4 54. Rc7+ Ke8 55. Rxa7 Rb3 56. Kf6 Rxg3 57. Rb7 Rb3 58. Kxg6 Rb5 59. Rh7 Rd5 60. Rh8+ Ke7 61. Rxh5 Rxh5 62. Kxh5 b5 63. Kg6 b4 64. Kg7 b3 65. h5 b2 66. h6 b1Q 67. h7 Qg1+ 68. Kh8 Qd4+ 69. Kg8 Qg4+ 70. Kh8 Qc8+ 71. Kg7 Qf8+ 0-1

[Event "Zuerich op 36th"]
[Site "Zuerich"]
[Date "2012.12.29"]
[Round "5"]
[White "Gloor, Roger"]
[Black "Sebenik, Matej"]
[Result "0-1"]
[WhiteElo "2313"]
[BlackElo "2543"]
[PlyCount "56"]
[EventDate "2012.12.26"]
[EventType "swiss"]
[EventRounds "7"]
[EventCountry "SUI"]
[SourceTitle "CBM 152 Extra"]
[Source "ChessBase"]
[SourceDate "2013.02.25"]
[SourceVersion "1"]
[SourceVersionDate "2013.02.25"]
[SourceQuality "1"]

1. e4 c5 2. Nf3 Nc6 3. d4 cxd4 4. Nxd4 g6 5. c4 Nf6 6. Nc3 d6 7. Be2 Nxd4 8. Qxd4 Bg7 9. Bg5 0-0 10. Qd2 a5 11. 0-0 a4 12. Rab1 Be6 13. f3 Qb6+ 14. Be3 Qa5 15. Rfc1 Rfc8 16. b3 axb3 17. axb3 Qb4 18. Qc2 Nd7 19. Nb5 Ne5 20. f4 Nc6 21. Qd1 Ra2 22. Bg4 Bxg4 23. Qxg4 Rf8 24. Qd1 Bb2 25. Rc2 Qxb3 26. Nc3 Ra1 27. Kf2 Rxb1 28. Qxb1 Nb4 0-1